000 02380cam a22005414i 4500
003 PE-LiUPU
005 20250731173346.0
008 150706s2008 xxu r 000 0 spa d
020 _a0816393273
020 _a9780816393275
035 _a(Sirsi) i9780816393275
040 _aPE-LiUPU
_bspa
_cPE-LiUPU
_erda
049 _aPRUA
082 0 4 _a248.4
_bM63
_221
100 1 _aMiranda, Armando,
_eautor.
245 1 0 _aReclama tu destino /
_cArmando Miranda.
264 1 _aNampa, Idaho :
_bPacific Press Publishing Association,
_c2008.
300 _a127 páginas ;
_c18 centímetros
336 _atext
_2rdacontent
337 _aunmediated
_2rdamedia
338 _avolume
_2rdacarrier
505 0 _aEn la fila de la muerte -- Tú puedes ser ciudadano -- El mesías prometido -- El Padre que todos queremos -- ¿Ser o tener? -- El perfil del ciudadano -- La lealtad del ciudadano -- La invitación a la ciudadanía.
526 _aSEG42
526 _aSEG41
526 _aSEG40
526 _aSEG39
526 _aP94
526 _aP87
526 _aP86
526 _aP85
526 _aP77
526 _aP76
526 _aP35
650 0 4 _aVida cristiana.
910 _agl
_bjv
_cng
_d20091214
910 _adbm
_bksl
_cksl
_d20200128
942 _2ddc
_cBOOK
949 _a248.4 M63
_wDEWEY
_c1
_i60812
_lCCODEBUL1
_mBUL
_p3.00
_r0
_sY
_tBOOK
_u2015-7-6
_xTEOLOGIA
_zUNKNOWN
_0COMPRA
_o.STAFF. Colección General
949 _a248.4 M63
_wDEWEY
_c2
_i60811
_lCCODEBUL1
_mBUL
_p3.00
_r0
_sY
_tBOOK
_u2015-7-6
_xTEOLOGIA
_zUNKNOWN
_0COMPRA
_o.STAFF. Colección General
994 _aC0
_bPEPRU
596 _a1 4
999 _a248.4 M63
_wDEWEY
_c50189
_i60812
_f2021-11-30
_g5
_lCCODEBUL1
_mBUL
_p3.00
_r0
_sY
_tBOOK
_u2015-7-6
_xTEOLOGIA
_zUNKNOWN
_0COMPRA
_o.STAFF. Colección General
_d50189
999 _a248.4 M63
_wDEWEY
_c2
_i60811
_f2021-11-10
_g5
_lCCODEBUL1
_mBUL
_p3.00
_r0
_sY
_tBOOK
_u2015-7-6
_xTEOLOGIA
_zUNKNOWN
_0COMPRA
_o.STAFF. Colección General
999 _a248.4 M63
_wDEWEY
_c1
_iCW001578
_f2021-12-22
_g1
_lCCODECWL1
_mBWL
_p3.00
_r1
_sY
_tBOOK
_u2020-1-28
_xTEOLOGIA
_zUNKNOWN
_0DONACION
_o.STAFF. Colección Elena de White
980 _81
_gALBERTO SANCHEZ Responsable de Automatización